| 000 | 00989nam a2200241 i 4500 | ||
|---|---|---|---|
| 001 | 110871 | ||
| 003 | ES-MaACL | ||
| 005 | 20260127062543.0 | ||
| 008 | 070202s1924 sp |||| | spa d | ||
| 080 | _a347.999 | ||
| 080 | _a347.7 | ||
| 100 | 1 |
_aBergamín, Francisco. _9148620 |
|
| 245 | 1 | 0 |
_aSesión inaugural del curso de 1923-24 _b: celebrada el dia 4 de noviembre de 1923 / _cdiscursos de Francisco Bergamín sobre tribunales de comercio y de Miguel Primo de Rivera. |
| 260 |
_aMadrid : _bReus, _c1924. |
||
| 300 |
_a31 p. ; _c18 cm. |
||
| 490 | 1 |
_aPublicaciones de la Real Academia de Jurisprudencia y Legislación ; _v67 |
|
| 650 | 4 |
_aTribunales de comercio- _zEspaña. _9164320 |
|
| 700 | 1 |
_aPrimo de Rivera, Miguel, _d1870-1930 _9154406 |
|
| 700 |
_aReal Academia de Jurisprudencia y Legislación de España _9217612 |
||
| 830 | 0 |
_aPublicaciones de la Real Academia de Jurisprudencia y Legislación ; _v67 _9180630 |
|
| 852 |
_aES-MaACL _jL-5232 |
||
| 999 |
_c110871 _d110871 |
||